Les 20 plus grandes villes de Corrèze sur une carte - Statistiques

Statistiques générales
  • Ce quiz a été pris 72 fois
  • Le résultat moyen est 10 sur 20
Réponses sur la Carte
Les réponses sont colorées sur une échelle allant du rouge au vert en fonction du pourcentage des utilisateurs qui les ont devinées à leur premier essai. Vous pouvez retrouver ces pourcentages ci-dessous.
 
Statistiques - réponses
Commune Population % Correct
Brive-la-Gaillarde 46 769
100%
Tulle 13 602
98%
Ussel 9 174
91%
Malemort 7 995
71%
Égletons 4 336
68%
Uzerche 2 806
65%
Argentat-sur-Dordogne 2 857
60%
Ussac 4 271
51%
Objat 3 737
46%
Saint-Pantaléon-de-Larche 5 006
45%
Bort-les-Orgues 2 487
42%
Meymac 2 326
40%
Naves 2 318
37%
Donzenac 2 714
34%
Cosnac 3 042
32%
Allassac 4 050
31%
Lubersac 2 253
28%
Sainte-Féréole 2 060
18%
Varetz 2 436
18%
Saint-Viance 1 888
15%
Aucun quiz correspondant
Distribution des résultats
% des personnes avec chaque résultat
Percentile par nombre de réponses
Votre historique - résultats
Vous n’avez pas pris ce quiz